Pedagogía de la lucha ascética
Αποθηκεύτηκε σε:
| Κύριος συγγραφέας: | |
|---|---|
| Μορφή: | Βιβλίο |
| Γλώσσα: | Ισπανικά |
| Έκδοση: |
Madrid
S. de Ocaña
1946
|
| Θέματα: | |
| Ετικέτες: |
Προσθήκη ετικέτας
Δεν υπάρχουν, Καταχωρήστε ετικέτα πρώτοι!
|
MARC
| LEADER | 00000nam a2200000 a 4500 | ||
|---|---|---|---|
| 001 | UCU0650 | ||
| 003 | CL-VaPUC | ||
| 008 | 960322e19460000SP |||||||||||||||||spa|d | ||
| 082 | 0 | 4 | |a 370.114 |b GAR |2 21 |
| 100 | |a García Hoz, Víctor |e author |9 414544 | ||
| 245 | 1 | 0 | |a Pedagogía de la lucha ascética |
| 300 | |a 412 p | ||
| 942 | |c BK | ||
| 945 | |d 19960322 00:00:00 |a paguirre | ||
| 260 | |a Madrid |b S. de Ocaña |c 1946 | ||
| 650 | 0 | |a Filosofía de la educación |9 258384 | |
| 650 | 0 | |a Educación moral |9 308319 | |
| 650 | 0 | |a Virtud y vicio |9 310637 | |
| 650 | 0 | |a Ascetismo |9 319291 | |
| 650 | 0 | |a Catolicismo |9 258690 | |
| 650 | 7 | |a IGLESIA Y EDUCACION |2 CL-VaPUC |9 307850 | |
| 583 | |a last modification |c 19960322 00:00:00 |k Rodrigo Vera | ||
| 999 | |c 245488 |d 245486 | ||
| 952 | |0 0 |1 0 |4 0 |6 370_114000000000000_GAR_1946 |7 0 |8 P |9 260006 |a BIBEDU |b BIBEDU |c BIBEDU_PB |d 2019-11-19 |i 163707K |o 370.114 GAR 1946 |p 163707K |r 2024-01-25 |w 2019-11-19 |y BK |k EDU | ||